Library Banner

Textual warfare and the making of methodism/ (Record no. 91041)

MARC details
000 -LEADER
fixed length control field 00452nam a22001697a 4500
005 - DATE AND TIME OF LATEST TRANSACTION
control field 20170220091635.0
008 - FIXED-LENGTH DATA ELEMENTS--GENERAL INFORMATION
fixed length control field 170220b xxu||||| |||| 00| 0 eng d
020 ## - INTERNATIONAL STANDARD BOOK NUMBER
International Standard Book Number 9780198708940
040 ## - CATALOGING SOURCE
Transcribing agency PK-LaUMT
082 ## - DEWEY DECIMAL CLASSIFICATION NUMBER
Classification number 287.09033
Item number BRE-T
100 ## - MAIN ENTRY--PERSONAL NAME
Personal name Brett C. McInelly
245 ## - TITLE STATEMENT
Title Textual warfare and the making of methodism/
Statement of responsibility, etc Brett C. McInelly
260 ## - PUBLICATION, DISTRIBUTION, ETC. (IMPRINT)
Place of publication, distribution, etc New York:
Name of publisher, distributor, etc Oxford University,
Date of publication, distribution, etc 2014
300 ## - PHYSICAL DESCRIPTION
Extent 245 p.
546 ## - LANGUAGE NOTE
Language note EN
942 ## - ADDED ENTRY ELEMENTS (KOHA)
Koha item type Books
Holdings
Withdrawn status Lost status Damaged status Home library Current library Date acquired Full call number Barcode Date last seen Price effective from Koha item type
      UMT Main Campus UMT Main Campus 2017-02-20 287.09033 BRE-T 105457 2017-02-20 2017-02-20 Books